| 000 | 01193nac a22002771u 4500 | ||
|---|---|---|---|
| 010 | _a 2007397133 | ||
| 020 | _a2804149056 | ||
| 035 | _a(CStRLIN)CSUGA6746131-B | ||
| 082 | 0 | 0 | _a338.5 |
| 090 |
_c4342 _d4342 |
||
| 100 | _a20080729 | ||
| 111 | 2 |
_aFrancqui Colloquium _d1999 : _cBrussels, Belgium) |
|
| 245 | 1 | 4 |
_aThe economics of contracting; foundations, applications, and empirical investigations : _bproceedings of the Eigth [sic] Francqui Colloquium, Brussels, 19-21 November 1999 / _cMathias Dewatripont (ed.). |
| 250 | _a1. eÌ?d. | ||
| 260 |
_aBruxelles : _bDe Boeck, _cc2006. |
||
| 300 |
_a557 p. : _bill. ; _c26 cm. |
||
| 490 | 1 |
_aBibliothèque scientifique Francqui, _x1374-0911 ; _v7 = _aFrancqui scientific library ; _v7 |
|
| 504 | _aIncludes bibliographical references. | ||
| 650 | 0 |
_aEconometrics _vCongresses. |
|
| 650 | 0 |
_aContracts _vCongresses. |
|
| 650 | 0 |
_aMicroeconomics _vCongresses. |
|
| 700 | 1 |
_aDewatripont, M. [ed] _q(Mathias) |
|
| 830 | 0 | _aFrancqui scientific library ; | |
| 942 |
_cBB _k338.5 |
||
| 999 |
_c4342 _d4342 |
||